| 000 | 00380nam a22001457a 4500 | ||
|---|---|---|---|
| 999 |
_c7676 _d7676 |
||
| 005 | 20190225124734.0 | ||
| 008 | 190225b ||||| |||| 00| 0 eng d | ||
| 040 | _cjitshen | ||
| 100 | _aYashida,T | ||
| 245 |
_aRoscoea Megalantha _bA new species from eastern Bhutan and India. |
||
| 300 |
_a9 p. _c30 cm. |
||
| 700 | _aYangzom, R. | ||
| 700 | _aNewman, M.F. | ||
| 942 |
_2ddc _cBINDER |
||